US States by Counties Quiz Stats

 Plays Quiz Updated Aug 23, 2021

     
Support Sporcle.
Go Orange.
Score 0/50 Timer 06:00
7 Plays Today
County State % Correct
Los Angeles CountyCalifornia
89.6%
Anchorage MunicipalityAlaska
88.5%
Honolulu CountyHawaii
86.9%
Salt Lake CountyUtah
84.1%
Philadelphia CountyPennsylvania
83.7%
Oklahoma CountyOklahoma
82.7%
Miami-Dade CountyFlorida
82%
St. Louis CountyMissouri
79.6%
Milwaukee CountyWisconsin
77.7%
Providence CountyRhode Island
76%
El Paso CountyColorado
71.7%
Yellowstone CountyMontana
58.9%
Fairfax CountyVirginia
57.2%
Cook CountyIllinois
56.2%
East Baton Rouge ParishLouisiana
48%
Laramie CountyWyoming
46.9%
Fulton CountyGeorgia
40.1%
Franklin CountyOhio
40.1%
Greenville CountySouth Carolina
38.9%
Kings CountyNew York
38.9%
Maricopa CountyArizona
37.8%
Bergen CountyNew Jersey
35.5%
Middlesex CountyMassachusetts
33.8%
Harris CountyTexas
33.1%
Fairfield CountyConnecticut
32.3%
County State % Correct
Bernalillo CountyNew Mexico
30.1%
King CountyWashington
27.3%
Clark CountyNevada
26.9%
Wayne CountyMichigan
26.3%
New Castle CountyDelaware
22.5%
Hennepin CountyMinnesota
20.5%
Wake CountyNorth Carolina
20.1%
Montgomery CountyMaryland
18.4%
Marion CountyIndiana
18.1%
Minnehaha CountySouth Dakota
17.6%
Multnomah CountyOregon
17.1%
Ada CountyIdaho
16.8%
Shelby CountyTennessee
16.3%
Jefferson CountyAlabama
14.6%
Polk CountyIowa
13%
Chittenden CountyVermont
12.9%
Cumberland CountyMaine
12.4%
Cass CountyNorth Dakota
12%
Jefferson CountyKentucky
11.1%
Kanawha CountyWest Virginia
11%
Johnson CountyKansas
10.6%
Pulaski CountyArkansas
9.6%
Hinds CountyMississippi
9.5%
Hillsborough CountyNew Hampshire
9.5%
Douglas CountyNebraska
9%

From the Vault

Historical Shared Birthdays

by bhenderson79

History 4m
These people should celebrate together, with double the cake.
Remove Ads.
Support Sporcle.
Get the best of Sporcle when you Go Orange. This ad-free experience offers more features, more stats, and more fun while also helping to support Sporcle. Thank you for becoming a member.

Show Comments

Extras

Top Quizzes Today


Score Distribution

Your Account Isn't Verified!

In order to create a playlist on Sporcle, you need to verify the email address you used during registration. Go to your Sporcle Settings to finish the process.

Report this User

Report this user for behavior that violates our Community Guidelines.

Details: